[Event "2nd GMA World Cup prel  #3"]
[Site "Palma de Mallorca"]
[Date "1989.??.??"]
[Round "3"]
[White "Watson, William"]
[Black "Spiridonov, Nikola"]
[Result "1-0"]
[WhiteElo "2495"]
[BlackElo "2400"]
[EventDate "1989.12.??"]
[PlyCount "73"]

1.e4 c6 2.d4 d5 3.Nc3 dxe4 4.Nxe4 Nd7 5.Bc4 Ngf6 6.Ng5 e6 7.Qe2 Nb6 8.Bb3 
h6 9.N5f3 c5 10.Bf4 a6 11.c4 cxd4 12.O-O-O Bc5 13.Nxd4 Qe7 14.Ngf3 O-O 15.
Rhg1 Rd8 16.Kb1 Bd7 17.g4 e5 18.Nxe5 Bxd4 19.Rxd4 Bf5+ 20.gxf5 Rxd4 21.
Bxh6 Rg4 22.Rxg4 Nxg4 23.Bxg7 Kxg7 24.Qxg4+ Kf8 25.Qf4 Nd7 26.Nxd7+ Qxd7 
27.a3 Rd8 28.f6 Qd3+ 29.Bc2 Qd4 30.Qh6+ Ke8 31.Bf5 Qc5 32.Qh8+ Qf8 33.Qh5 
Rd6 34.Qe2+ Kd8 35.Qe5 Rd1+ 36.Kc2 Qd6 37.Qe7+ 1-0

[Event "2nd GMA World Cup prel  #3"]
[Site "Palma de Mallorca"]
[Date "1989.??.??"]
[Round "3"]
[White "Azmaiparashvili, Zurab"]
[Black "Nikolic, Stanimir"]
[Result "1/2-1/2"]
[WhiteElo "2575"]
[BlackElo "2320"]
[EventDate "1989.12.??"]
[PlyCount "143"]

1.c4 e5 2.Nc3 d6 3.g3 g6 4.d4 Nd7 5.e3 Bg7 6.Nge2 Ne7 7.Bg2 h5 8.O-O h4 9.
b3 Nf5 10.Re1 hxg3 11.hxg3 O-O 12.Bb2 Re8 13.Qd2 c6 14.Rad1 Qc7 15.Ne4 a5 
16.Ba3 a4 17.Bb4 Nf6 18.Nxf6+ Bxf6 19.Bc3 Bg7 20.e4 Nh6 21.b4 Be6 22.c5 
dxc5 23.bxc5 Red8 24.Qb2 Bc4 25.dxe5 Rxd1 26.Rxd1 a3 27.Qc2 Bxe2 28.Qxe2 
Bxe5 29.Bd2 Kg7 30.Be3 Ng8 31.f4 Bb2 32.Rd6 Nf6 33.Bf2 Ne8 34.Rd3 Rd8 35.
e5 Qe7 36.Bh3 Nc7 37.Rd6 Nd5 38.Bg2 Nc3 39.Qd3 Rh8 40.e6 Nb5 41.f5 gxf5 
42.Rd7 Qxe6 43.Rxb7 Rh6 44.Rb8 Qxa2 45.Qxf5 Qe6 46.Qg5+ Qg6 47.Qxg6+ Rxg6 
48.Ra8 Re6 49.Kf1 f5 50.Bf3 Kg6 51.Ra6 Nc7 52.Ra7 Nd5 53.Bd1 Ne3+ 54.Bxe3 
Rxe3 55.Kg2 Rc3 56.Ra5 Kg5 57.Bf3 Rc2+ 58.Kh3 Rc3 59.Kg2 Rd3 60.Bxc6 Be5 
61.Kf2 Bxg3+ 62.Ke2 Rc3 63.Kd2 Bc7 64.Ra7 Be5 65.Bd7 f4 66.c6 Kf6 67.Ra5 
Rg3 68.Rxe5 Kxe5 69.c7 Rg2+ 70.Kd3 Rg8 71.Kc2 f3 72.c8=Q 1/2-1/2

[Event "2nd GMA World Cup prel  #3"]
[Site "Palma de Mallorca"]
[Date "1989.??.??"]
[Round "3"]
[White "Gurgenidze, Bukhuti"]
[Black "Sokolov, Ivan"]
[Result "1-0"]
[WhiteElo "2360"]
[BlackElo "2525"]
[EventDate "1989.12.??"]
[PlyCount "57"]

1.e4 e5 2.Nf3 Nc6 3.Bb5 a6 4.Ba4 Nf6 5.Qe2 b5 6.Bb3 d6 7.a4 Bg4 8.c3 Na5 
9.Bc2 b4 10.d4 c5 11.dxe5 dxe5 12.h3 Bxf3 13.Qxf3 Qc7 14.Bg5 Nd7 15.Nd2 c4
16.O-O b3 17.Bd1 Bc5 18.Be2 Nb6 19.Qg3 f6 20.Bh5+ Kf8 21.Nf3 Be7 22.Be3 g6
23.Bxg6 hxg6 24.Qxg6 Nc8 25.Bh6+ Rxh6 26.Qxh6+ Kf7 27.Qh7+ Ke6 28.Qg8+ Kd7
29.Qd5+ 1-0

[Event "2nd GMA World Cup prel  #3"]
[Site "Palma de Mallorca"]
[Date "1989.??.??"]
[Round "3"]
[White "San Segundo Carrillo, Pablo"]
[Black "Kaidanov, Grigory"]
[Result "1/2-1/2"]
[WhiteElo "2375"]
[BlackElo "2500"]
[EventDate "1989.12.??"]
[PlyCount "103"]

1.d4 d5 2.Nf3 Nf6 3.c4 e6 4.g3 Bb4+ 5.Bd2 Be7 6.Bg2 O-O 7.Qc2 c6 8.O-O 
Nbd7 9.b3 b6 10.Bc3 Bb7 11.Nbd2 c5 12.Rfd1 Rc8 13.Rac1 Bd6 14.dxc5 Bxc5 
15.Qb2 Re8 16.e3 Qe7 17.b4 Bd6 18.cxd5 Nxd5 19.Bxg7 f6 20.Bh6 Bxb4 21.Nb1 
Rxc1 22.Rxc1 Bc5 23.Rd1 f5 24.Nbd2 Qf6 25.Qxf6 N7xf6 26.Nb3 Nc3 27.Nxc5 
bxc5 28.Rd2 Bd5 29.Rc2 Rb8 30.Nd2 Nce4 31.f3 Nxd2 32.Rxd2 Rb1+ 33.Kf2 Ra1 
34.e4 fxe4 35.Be3 exf3 36.Bxf3 Rxa2 37.Rxa2 Bxa2 38.Bxc5 a5 39.Bd4 Kf7 40.
g4 Bd5 41.g5 Bxf3 42.gxf6 Bh5 43.Ke3 a4 44.Bb2 Ke8 45.Kd4 Kf7 46.Ke5 Be2 
47.Ba3 Bb5 48.Bb2 Ba6 49.Ba3 Bd3 50.Bb2 Bf5 51.Ba3 Ke8 52.Kd6 1/2-1/2

[Event "2nd GMA World Cup prel  #3"]
[Site "Palma de Mallorca"]
[Date "1989.??.??"]
[Round "3"]
[White "Rodriguez Cespedes, Amador"]
[Black "Spasov, Luben"]
[Result "1-0"]
[WhiteElo "2505"]
[BlackElo "2370"]
[EventDate "1989.12.??"]
[PlyCount "79"]

1.e4 c5 2.Nf3 e6 3.d4 cxd4 4.Nxd4 a6 5.Bd3 Nf6 6.O-O Qc7 7.Qe2 d6 8.Nd2 
Nbd7 9.f4 Be7 10.N2f3 Nc5 11.Bd2 e5 12.Nb3 O-O 13.Nxc5 Qxc5+ 14.Kh1 Re8 
15.fxe5 dxe5 16.Nh4 Bg4 17.Qe1 Nh5 18.Nf5 Bxf5 19.Rxf5 g6 20.Rf3 Rac8 21.
Qf1 f6 22.b3 Kg7 23.a4 Red8 24.Re1 Rc6 25.g3 Qd6 26.Qe2 Qd7 27.Ref1 Bc5 
28.Bc1 Rdc8 29.Bc4 Bd6 30.Rd3 Qe7 31.Rd5 Kh8 32.Rfd1 Ng7 33.Kg2 Ne8 34.Qg4
R8c7 35.Be3 f5 36.Qe2 f4 37.gxf4 Nf6 38.fxe5 Nxd5 39.exd5 Bxe5 40.dxc6 1-0

[Event "2nd GMA World Cup prel  #3"]
[Site "Palma de Mallorca"]
[Date "1989.??.??"]
[Round "3"]
[White "Kozul, Zdenko"]
[Black "Madl, Ildiko"]
[Result "1-0"]
[WhiteElo "2560"]
[BlackElo "2310"]
[EventDate "1989.12.??"]
[PlyCount "43"]

1.d4 Nf6 2.c4 e6 3.Nc3 Bb4 4.Qc2 O-O 5.Bg5 b6 6.e4 h6 7.Bh4 d6 8.O-O-O 
Bxc3 9.bxc3 Qe7 10.f4 e5 11.Bd3 Nc6 12.Ne2 Bg4 13.d5 Nb8 14.Rdf1 Bxe2 15.
Qxe2 exf4 16.Rxf4 Qe5 17.Qd2 Nfd7 18.Rhf1 Na6 19.Rg4 Nac5 20.Bc2 Kh8 21.
Rf5 Qxh2 22.Rh5 1-0

[Event "2nd GMA World Cup prel  #3"]
[Site "Palma de Mallorca"]
[Date "1989.??.??"]
[Round "3"]
[White "Gurieli, Nino"]
[Black "Jansa, Vlastimil"]
[Result "1/2-1/2"]
[WhiteElo "2355"]
[BlackElo "2505"]
[EventDate "1989.12.??"]
[PlyCount "149"]

1.d4 Nf6 2.Nf3 g6 3.c4 Bg7 4.g3 O-O 5.Bg2 d6 6.O-O c6 7.Nc3 Bf5 8.Nh4 Bd7 
9.e4 e5 10.dxe5 dxe5 11.b3 Re8 12.Bb2 Na6 13.h3 Nc5 14.Qc2 a5 15.Rad1 Qb6 
16.Kh2 a4 17.Nxa4 Nxa4 18.bxa4 c5 19.a5 Rxa5 20.Bc3 Ra3 21.Qc1 Rxa2 22.Nf3
Ba4 23.Rd2 Rxd2 24.Nxd2 Bc6 25.Qa1 Qd8 26.Rd1 Qe7 27.Qa5 h5 28.h4 Rd8 29.
Re1 Rd3 30.f3 Qd6 31.Nb3 b6 32.Qa1 Qb8 33.Nc1 Rd8 34.Kg1 Nh7 35.Ne2 Nf8 
36.Nf4 exf4 37.Bxg7 fxg3 38.Be5 Qb7 39.Qc1 Qe7 40.Qf4 Ne6 41.Qh6 f6 42.
Qxg6+ Qg7 43.Qf5 Qf7 44.Bxf6 Rf8 45.e5 Nd4 46.Qg5+ Kh7 47.f4 Bxg2 48.Kxg2 
Qg6 49.Qxg6+ Kxg6 50.Kxg3 Ra8 51.Rb1 Ra3+ 52.Kf2 Kf5 53.Bg5 Rf3+ 54.Kg2 
Rc3 55.Rxb6 Rxc4 56.Kf2 Ne6 57.Ke3 Re4+ 58.Kf3 Ra4 59.Ke3 Ra3+ 60.Kd2 Ra4 
61.Kd3 Nxf4+ 62.Bxf4 Kxf4 63.Rh6 Rd4+ 64.Kc3 Kg4 65.Rc6 Rd5 66.Re6 Kf5 67.
Rh6 Kg4 68.Re6 Kf4 69.Kc4 Ke4 70.Re8 Rxe5 71.Rxe5+ Kxe5 72.Kxc5 Ke4 73.Kc4
Ke3 74.Kc3 Kf3 75.Kd3 1/2-1/2

[Event "2nd GMA World Cup prel  #3"]
[Site "Palma de Mallorca"]
[Date "1989.??.??"]
[Round "3"]
[White "Veroci-Petronic, Zsuzsa"]
[Black "Panno, Oscar"]
[Result "1/2-1/2"]
[WhiteElo "2340"]
[BlackElo "2500"]
[EventDate "1989.12.??"]
[PlyCount "33"]

1.e4 c5 2.Nf3 e6 3.d4 cxd4 4.Nxd4 a6 5.Bd3 Nf6 6.O-O d6 7.c4 Be7 8.Nc3 Bd7
9.Qe2 Nc6 10.Nxc6 Bxc6 11.Kh1 O-O 12.f4 Qc7 13.b3 Nd7 14.Bb2 Bf6 15.Rac1 
Qb8 16.a4 Re8 17.Rce1 1/2-1/2

[Event "2nd GMA World Cup prel  #3"]
[Site "Palma de Mallorca"]
[Date "1989.??.??"]
[Round "3"]
[White "Vukic, Milan"]
[Black "Izeta Txabarri, Felix"]
[Result "1/2-1/2"]
[WhiteElo "2500"]
[BlackElo "2340"]
[EventDate "1989.12.??"]
[PlyCount "164"]

1.Nf3 Nf6 2.g3 b5 3.Bg2 Bb7 4.O-O e6 5.d3 d5 6.Nbd2 Nbd7 7.e4 dxe4 8.Ng5 
Nc5 9.Ngxe4 Ncxe4 10.dxe4 Bc5 11.Qe2 a6 12.Rd1 Nd7 13.Nb3 Bb6 14.Be3 Qe7 
15.a4 b4 16.a5 Bxe3 17.Qxe3 O-O 18.Rd2 Ne5 19.Qc5 Qxc5 20.Nxc5 Bc6 21.Rd4 
Bb5 22.f4 Nc6 23.Rdd1 Rad8 24.Nd7 Be2 25.Rd2 Nb8 26.Rxe2 Rxd7 27.e5 Rfd8 
28.Kf2 Kf8 29.Ke3 Ke7 30.Be4 h6 31.Ra4 c5 32.c3 bxc3 33.bxc3 f5 34.exf6+ 
gxf6 35.Rc4 f5 36.Bc2 Rd5 37.Ba4 Nd7 38.Bc6 Rd3+ 39.Kf2 Kd6 40.Bb7 Rb8 41.
Bf3 Rb3 42.Ra2 Rbxc3 43.Be2 Ra3 44.Rcc2 Rdc3 45.Rd2+ Kc6 46.Bxa6 Nf6 47.
Rdb2 Nd5 48.Bc8 Nb4 49.Rxa3 Rxa3 50.Kg2 Kd5 51.Re2 c4 52.Bxe6+ Kd4 53.Bxf5
c3 54.Re4+ Kc5 55.Kh3 Rxa5 56.Re5+ Nd5 57.Kh4 Kd4 58.Be4 Rc5 59.h3 c2 60.
Bxc2 Rxc2 61.Re6 Rf2 62.Rxh6 Nxf4 63.Kg5 Ke5 64.gxf4+ Rxf4 65.Ra6 Rf1 66.
h4 Rg1+ 67.Kh6 Kf5 68.h5 Rh1 69.Ra2 Kf6 70.Rf2+ Ke7 71.Kg6 Rg1+ 72.Kh7 Rg3
73.h6 Rg1 74.Rf5 Rg2 75.Ra5 Kf7 76.Ra7+ Kf8 77.Rg7 Rf2 78.Rg4 Rf1 79.Ra4 
Rg1 80.Ra6 Kf7 81.Ra5 Rg2 82.Ra8 Rg1 1/2-1/2

[Event "2nd GMA World Cup prel  #3"]
[Site "Palma de Mallorca"]
[Date "1989.??.??"]
[Round "3"]
[White "Comas i Fabrego, Lluis"]
[Black "Zaichik, Gennadi"]
[Result "0-1"]
[WhiteElo "2335"]
[BlackElo "2500"]
[EventDate "1989.12.??"]
[PlyCount "76"]

1.Nf3 c5 2.g3 g6 3.Bg2 Bg7 4.O-O Nc6 5.d3 e6 6.Nbd2 Nge7 7.e4 O-O 8.Re1 d6
9.a3 b6 10.Nf1 h6 11.Rb1 a5 12.c3 d5 13.e5 d4 14.c4 Rb8 15.h4 b5 16.Bf4 
bxc4 17.dxc4 Ba6 18.Qc1 Kh7 19.N1d2 Qb6 20.Ne4 Ng8 21.Qc2 Rbd8 22.Rbd1 Kh8
23.h5 Nce7 24.g4 Bb7 25.Rd3 Bxe4 26.Rxe4 f5 27.gxf5 Rxf5 28.hxg6 Nxg6 29.
Bg3 Rb8 30.b3 N8e7 31.Nh4 Nxh4 32.Bxh4 Ng6 33.Rh3 Rbf8 34.Bg3 Qd8 35.Qd2 
Qg5 36.Qxa5 Nxe5 37.Qxc5 Nf3+ 38.Bxf3 Rxc5 0-1

[Event "2nd GMA World Cup prel  #3"]
[Site "Palma de Mallorca"]
[Date "1989.??.??"]
[Round "3"]
[White "Voiska, Margarita"]
[Black "Lalic, Bogdan"]
[Result "1/2-1/2"]
[WhiteElo "2335"]
[BlackElo "2500"]
[EventDate "1989.12.??"]
[PlyCount "68"]

1.c4 Nf6 2.Nf3 e6 3.d4 d5 4.cxd5 exd5 5.Nc3 c6 6.Bg5 Be7 7.e3 Bf5 8.Bd3 
Bxd3 9.Qxd3 Nbd7 10.O-O O-O 11.Rab1 a5 12.Qc2 Re8 13.a3 Nb6 14.Bxf6 Bxf6 
15.Na4 Nxa4 16.Qxa4 Be7 17.Qc2 Qb6 18.Ne5 Bd6 19.Nd3 a4 20.g3 Ra5 21.Rfc1 
g6 22.Nc5 Bxc5 23.dxc5 Qa7 24.b4 axb3 25.Qxb3 Re7 26.Qc3 Rxa3 27.Qf6 Rd7 
28.h4 h5 29.Rb4 Qa8 30.g4 Qf8 31.gxh5 Qg7 32.Qf4 Kh7 33.Kh2 Qh6 34.hxg6+ 
fxg6 1/2-1/2

[Event "2nd GMA World Cup prel  #3"]
[Site "Palma de Mallorca"]
[Date "1989.??.??"]
[Round "3"]
[White "Murshed, Niaz"]
[Black "Maric, Alisa"]
[Result "1-0"]
[WhiteElo "2475"]
[BlackElo "2355"]
[EventDate "1989.12.??"]
[PlyCount "69"]

1.d4 d5 2.c4 e6 3.Nc3 Be7 4.cxd5 exd5 5.Bf4 Nf6 6.e3 O-O 7.Bd3 c5 8.Nf3 
Nc6 9.dxc5 Bxc5 10.O-O d4 11.Ne4 Nxe4 12.Bxe4 dxe3 13.Qe2 exf2+ 14.Kh1 Qb6
15.Bxh7+ Kh8 16.Ng5 Nb4 17.Qd1 g6 18.Be5+ f6 19.Bxg6 Kg7 20.Qh5 Rh8 21.Nh7
fxe5 22.Be4 Rxh7 23.Qxh7+ Kf8 24.Rac1 Be6 25.Qh8+ Bg8 26.Qxe5 Na6 27.Qf5+ 
Ke7 28.Qg5+ Kf8 29.Rc3 Bf7 30.Rf3 Ke8 31.Bd5 Bxd5 32.Qxd5 Nc7 33.Qf7+ Kd8 
34.Rd1+ Bd6 35.Rxf2 1-0

[Event "2nd GMA World Cup prel  #3"]
[Site "Palma de Mallorca"]
[Date "1989.??.??"]
[Round "3"]
[White "Brustman, Agnieszka"]
[Black "Gurevich, Dmitry"]
[Result "0-1"]
[WhiteElo "2305"]
[BlackElo "2490"]
[EventDate "1989.12.??"]
[PlyCount "72"]

1.e4 d6 2.d4 Nf6 3.Bd3 g6 4.c3 Bg7 5.f4 O-O 6.Nf3 c5 7.dxc5 dxc5 8.Na3 Nc6
9.e5 Nd5 10.Be4 e6 11.O-O f6 12.exf6 Bxf6 13.Qe2 Qc7 14.g3 Bd7 15.Bd2 Rae8
16.Rad1 a6 17.Nc4 Bg7 18.Qf2 b5 19.Na3 Nf6 20.Bc2 c4 21.Qc5 Rf7 22.Be3 Nd5
23.Bd2 Bf8 24.Qf2 Ne5 25.Nd4 Bc5 26.Be4 Nd3 27.Bxd3 cxd3 28.Qf3 b4 29.Nb1 
bxc3 30.bxc3 Bb5 31.Kh1 Bxd4 32.cxd4 Bc6 33.Kg1 Nc3 34.Qxd3 Nxd1 35.Rxd1 
Bb7 36.Rc1 Qd7 0-1

[Event "2nd GMA World Cup prel  #3"]
[Site "Palma de Mallorca"]
[Date "1989.??.??"]
[Round "3"]
[White "Erenska-Radzewska, Hanna"]
[Black "Lombardy, William"]
[Result "1-0"]
[WhiteElo "2265"]
[BlackElo "2465"]
[EventDate "1989.12.??"]
[PlyCount "59"]

1.e4 c5 2.Nf3 Nc6 3.Bb5 d6 4.O-O Bd7 5.Re1 g6 6.c3 Bg7 7.d4 cxd4 8.cxd4 
Nf6 9.Nc3 O-O 10.h3 a6 11.Bf1 Rc8 12.Bg5 h6 13.Be3 e5 14.Qd2 exd4 15.Nxd4 
Nxd4 16.Bxd4 Be6 17.Rad1 Rc6 18.Re3 Re8 19.b3 Qc8 20.Qe1 b5 21.Ne2 Rc2 22.
Qa5 Qb7 23.Ng3 h5 24.Bd3 Rc6 25.Qe1 h4 26.Ne2 Rcc8 27.f4 d5 28.e5 Ne4 29.
Qxh4 Nc5 30.Bb1 1-0

[Event "2nd GMA World Cup prel  #3"]
[Site "Palma de Mallorca"]
[Date "1989.??.??"]
[Round "3"]
[White "Lukov, Valentin"]
[Black "Ballester Sanz, Joaquin"]
[Result "1-0"]
[WhiteElo "2435"]
[BlackElo "2250"]
[EventDate "1989.12.??"]
[PlyCount "89"]

1.Nf3 Nf6 2.c4 e6 3.g3 d5 4.b3 Be7 5.Bg2 O-O 6.O-O b6 7.Nc3 Bb7 8.e3 Nbd7 
9.Bb2 c5 10.Qe2 Rc8 11.Rfd1 Qc7 12.d3 Rfd8 13.Rac1 Qb8 14.Ne1 a6 15.cxd5 
Nxd5 16.Nxd5 Bxd5 17.Bxd5 exd5 18.d4 Qb7 19.dxc5 Nxc5 20.Qg4 Bf8 21.Qf5 h6
22.Rc2 Rc7 23.Nf3 Ne4 24.Rxc7 Qxc7 25.Rc1 Qd7 26.Qxd7 Rxd7 27.Rc8 f6 28.
Ba3 Nc5 29.Nd4 Kf7 30.Rb8 Rb7 31.Rxb7+ Nxb7 32.Bxf8 Kxf8 33.Ne6+ Kf7 34.
Nc7 d4 35.exd4 a5 36.Kf1 Nd6 37.Ke2 b5 38.Kd3 Ke7 39.d5 Kd7 40.Ne6 Ne8 41.
Kd4 Kd6 42.g4 g5 43.Nc5 Kc7 44.Ne4 Kb6 45.a3 1-0

[Event "2nd GMA World Cup prel  #3"]
[Site "Palma de Mallorca"]
[Date "1989.??.??"]
[Round "3"]
[White "Ochoa de Echaguen, Javier"]
[Black "Prins, Lodewijk"]
[Result "1-0"]
[WhiteElo "2435"]
[BlackElo "2245"]
[EventDate "1989.12.??"]
[PlyCount "55"]

1.e4 e6 2.d4 d5 3.Nd2 dxe4 4.Nxe4 Bd7 5.Nf3 Bc6 6.Bd3 Nd7 7.O-O Be7 8.c4 
Ngf6 9.Nc3 a6 10.Re1 b6 11.d5 exd5 12.Nd4 Bb7 13.Nf5 Ng8 14.Bg5 Ndf6 15.
Rxe7+ Nxe7 16.Nxg7+ Kf8 17.Bxf6 Qd6 18.Bxe7+ Qxe7 19.Nf5 Qf6 20.cxd5 Re8 
21.Qa4 Re5 22.Qd7 Rg8 23.Qxc7 Bxd5 24.Qb8+ Re8 25.Nxd5 Qc6 26.Qf4 Rxg2+ 
27.Kxg2 Qxd5+ 28.Qf3 1-0

[Event "2nd GMA World Cup prel  #3"]
[Site "Palma de Mallorca"]
[Date "1989.??.??"]
[Round "3"]
[White "Shamkovich, Leonid"]
[Black "Muresan-Juncu, Margareta"]
[Result "1/2-1/2"]
[WhiteElo "2425"]
[BlackElo "2215"]
[EventDate "1989.12.??"]
[PlyCount "114"]

1.e4 c6 2.d4 d5 3.exd5 cxd5 4.c4 Nf6 5.Nc3 e6 6.Nf3 Bb4 7.cxd5 exd5 8.Bd3 
O-O 9.Ne5 Nc6 10.Nxc6 bxc6 11.O-O Bd6 12.Bg5 h6 13.Bh4 Rb8 14.b3 Re8 15.
Rc1 Bf4 16.Rc2 Rb4 17.Bg3 Bg4 18.f3 Be3+ 19.Bf2 Bxf2+ 20.Rfxf2 Bd7 21.Na4 
Kh8 22.Bf1 a5 23.Nc5 Bf5 24.Rc3 Qd6 25.a3 Rb6 26.Qc1 Reb8 27.Re2 Kg8 28.
Re5 Be6 29.Ree3 Qf4 30.Qd2 g5 31.g3 Qd6 32.Qc2 Bd7 33.Bd3 Kg7 34.Bf5 Bxf5 
35.Qxf5 Re8 36.Rxe8 Nxe8 37.Nd7 Rb7 38.Qe5+ Qxe5 39.Nxe5 Nd6 40.Nxc6 Nb5 
41.Rc5 Nxa3 42.Nxa5 Rb4 43.Rxd5 Nc2 44.Kf2 Nxd4 45.Nc4 Nxb3 46.Ne3 Rb6 47.
Nf5+ Kg6 48.g4 Nc1 49.Ke3 Re6+ 50.Kd2 Ne2 51.Rd8 Kh7 52.Rf8 Nf4 53.Rxf7+ 
Kg8 54.Rg7+ Kf8 55.Rh7 Re2+ 56.Kc3 Rxh2 57.Kd4 Rd2+ 1/2-1/2

[Event "2nd GMA World Cup prel  #3"]
[Site "Palma de Mallorca"]
[Date "1989.??.??"]
[Round "3"]
[White "Bilek, Istvan"]
[Black "Polihroniade, Elisabeta"]
[Result "1/2-1/2"]
[WhiteElo "2420"]
[BlackElo "2170"]
[EventDate "1989.12.??"]
[PlyCount "40"]

1.g3 e5 2.Bg2 g6 3.c4 Bg7 4.Nc3 d6 5.e3 Ne7 6.Nge2 c6 7.O-O O-O 8.b3 a5 9.
Bb2 Na6 10.d4 f5 11.Qd2 Be6 12.Rad1 Bf7 13.e4 h6 14.Qc1 Qc7 15.c5 exd4 16.
cxd6 Qxd6 17.Nxd4 Qc7 18.exf5 Nxf5 19.Nce2 Nxd4 20.Bxd4 Rfe8 1/2-1/2

[Event "2nd GMA World Cup prel  #3"]
[Site "Palma de Mallorca"]
[Date "1989.??.??"]
[Round "3"]
[White "Vreeken, Corry"]
[Black "Pachman, Ludek"]
[Result "0-1"]
[WhiteElo "2180"]
[BlackElo "2380"]
[EventDate "1989.12.??"]
[PlyCount "98"]

1.e4 c5 2.Nf3 e6 3.Nc3 a6 4.g3 Nc6 5.d4 cxd4 6.Nxd4 Nge7 7.Bg2 Nxd4 8.Qxd4
Nc6 9.Qd3 Qc7 10.Bf4 d6 11.Rd1 Ne5 12.Qe2 Be7 13.O-O O-O 14.Rfe1 b5 15.Bc1
b4 16.Nb1 a5 17.f4 Ba6 18.Qf2 Ng4 19.Qf3 Qc5+ 20.Be3 Nxe3 21.Qxe3 Qxc2 22.
Qd2 Rac8 23.a3 Qxd2 24.Rxd2 Rc5 25.axb4 axb4 26.Kf2 Rfc8 27.Bf1 Bb7 28.Bd3
d5 29.exd5 Rxd5 30.Be4 Rxd2+ 31.Nxd2 Bxe4 32.Nxe4 f5 33.Ng5 Bxg5 34.fxg5 
Rc2+ 35.Kf3 Kf7 36.h4 Rxb2 37.Re5 Rc2 38.Rb5 Rc3+ 39.Kf2 b3 40.h5 Rc2+ 41.
Kf3 b2 42.Rb7+ Ke8 43.Kf4 Kd8 44.Ke5 Kc8 45.Rb3 Kd7 46.h6 Re2+ 47.Kd4 gxh6
48.gxh6 e5+ 49.Kd5 f4 0-1

[Event "2nd GMA World Cup prel  #3"]
[Site "Palma de Mallorca"]
[Date "1989.??.??"]
[Round "3"]
[White "Arakhamia, Ketevan"]
[Black "Zatulovskaya, Tatiana"]
[Result "1-0"]
[WhiteElo "2405"]
[BlackElo "2120"]
[EventDate "1989.12.??"]
[PlyCount "53"]

1.e4 c5 2.Nf3 e6 3.d4 cxd4 4.Nxd4 Nf6 5.Nc3 d6 6.Be3 a6 7.f3 b5 8.Qd2 Bb7 
9.g4 h6 10.O-O-O Nbd7 11.h4 b4 12.Na4 d5 13.Bh3 Qa5 14.b3 Nc5 15.Nxc5 Bxc5
16.a4 dxe4 17.g5 Nd5 18.g6 f5 19.fxe4 Nxe3 20.Nxe6 Bc6 21.exf5 Ke7 22.Nxc5
Qxc5 23.Rhe1 Rhe8 24.Rxe3+ Kf8 25.Rxe8+ Rxe8 26.f6 Qe5 27.Qxb4+ 1-0

[Event "2nd GMA World Cup prel  #3"]
[Site "Palma de Mallorca"]
[Date "1989.??.??"]
[Round "3"]
[White "Mellado Trivino, Juan"]
[Black "Heemskerk, Fenny"]
[Result "1-0"]
[WhiteElo "2400"]
[BlackElo "2020"]
[EventDate "1989.12.??"]
[PlyCount "51"]

1.e4 d6 2.d4 g6 3.f4 Bg7 4.Nc3 a6 5.Nf3 Bg4 6.Be3 Nd7 7.Bc4 e6 8.a4 c5 9.
dxc5 dxc5 10.h3 Bxf3 11.Qxf3 Qb6 12.O-O O-O-O 13.e5 Nh6 14.b4 Qc7 15.bxc5 
Nf5 16.Ne4 Bxe5 17.Rad1 Kb8 18.Rd3 Qc6 19.fxe5 Nxe5 20.Bf4 Qc7 21.Bxe5 
Qxe5 22.Qf4 Qxf4 23.Rxf4 Nd4 24.Rxf7 Nxc2 25.Nd6 Ka8 26.Rb3 1-0

[Event "2nd GMA World Cup prel  #3"]
[Site "Palma de Mallorca"]
[Date "1989.??.??"]
[Round "4"]
[White "Gurevich, Mikhail"]
[Black "Rashkovsky, Nukhim"]
[Result "1/2-1/2"]
[WhiteElo "2640"]
[BlackElo "2520"]
[EventDate "1989.12.??"]
[PlyCount "84"]

1.c4 e5 2.Nc3 Nf6 3.Nf3 Nc6 4.a3 g6 5.g3 Bg7 6.Bg2 O-O 7.d3 d6 8.O-O h6 9.
b4 Be6 10.Bb2 Qd7 11.b5 Nd4 12.Nd2 c5 13.e3 Nf5 14.a4 Ne7 15.Qe2 Rad8 16.
e4 g5 17.Nd5 Nfxd5 18.cxd5 Bh3 19.Nc4 Bxg2 20.Kxg2 f5 21.f3 Rf7 22.Bc3 f4 
23.g4 h5 24.h3 Bf6 25.Kf2 Rh7 26.Ke1 Kf7 27.Kd2 hxg4 28.hxg4 Rdh8 29.Kc2 
Ng6 30.Kb3 Be7 31.Rf2 Rh3 32.Rg1 Ke8 33.Rgg2 Kd8 34.Rh2 Qe8 35.Rxh3 Rxh3 
36.Ka3 Kc8 37.Qb2 Bf8 38.a5 Nh4 39.Nd2 Be7 40.Qb3 Qd7 41.a6 b6 42.Ka4 Bd8 
1/2-1/2

[Event "2nd GMA World Cup prel  #3"]
[Site "Palma de Mallorca"]
[Date "1989.??.??"]
[Round "4"]
[White "Georgiev, Krum"]
[Black "Kindermann, Stefan"]
[Result "1/2-1/2"]
[WhiteElo "2590"]
[BlackElo "2530"]
[EventDate "1989.12.??"]
[PlyCount "21"]

1.e4 e6 2.d4 d5 3.Nd2 Nf6 4.e5 Nfd7 5.Bd3 c5 6.c3 Nc6 7.Ne2 Qb6 8.Nf3 cxd4
9.cxd4 f6 10.exf6 Nxf6 11.O-O 1/2-1/2

[Event "2nd GMA World Cup prel  #3"]
[Site "Palma de Mallorca"]
[Date "1989.??.??"]
[Round "4"]
[White "Kosten, Anthony Cornelius"]
[Black "Dolmatov, Sergei"]
[Result "1/2-1/2"]
[WhiteElo "2500"]
[BlackElo "2615"]
[EventDate "1989.12.??"]
[PlyCount "48"]

1.e4 e6 2.d4 d5 3.Nd2 c5 4.exd5 exd5 5.Ngf3 a6 6.Be2 c4 7.O-O Bd6 8.Re1 
Ne7 9.b3 b5 10.a4 Bb7 11.bxc4 bxc4 12.Nf1 O-O 13.Ba3 Bxa3 14.Rxa3 Qd6 15.
Ra2 Nd7 16.c3 Rfe8 17.Ne3 Bc6 18.Bf1 Ng6 19.g3 a5 20.Bg2 Nf6 21.Qc1 Rab8 
22.Rae2 Qd7 23.Nd2 Qd6 24.Nf3 Qd7 1/2-1/2

[Event "2nd GMA World Cup prel  #3"]
[Site "Palma de Mallorca"]
[Date "1989.??.??"]
[Round "4"]
[White "Petursson, Margeir"]
[Black "Tseshkovsky, Vitaly"]
[Result "0-1"]
[WhiteElo "2590"]
[BlackElo "2520"]
[EventDate "1989.12.??"]
[PlyCount "70"]

1.d4 d6 2.e4 Nf6 3.Nc3 g6 4.Nf3 Bg7 5.Be2 O-O 6.O-O c5 7.d5 e6 8.Nd2 exd5 
9.exd5 Nbd7 10.Nc4 Nb6 11.Ne3 Bd7 12.a4 a6 13.a5 Nc8 14.Nc4 Bb5 15.Bg5 h6 
16.Bh4 Re8 17.Ne3 Qd7 18.Re1 Ne4 19.Ng4 Nxc3 20.bxc3 Bxe2 21.Rxe2 Rxe2 22.
Qxe2 g5 23.Nxh6+ Bxh6 24.Qh5 gxh4 25.Qxh6 Ne7 26.Qxh4 Ng6 27.Qg3 Re8 28.h3
Re5 29.c4 Qf5 30.Qd3 Qf6 31.Rb1 Nf4 32.Qf3 Ne2+ 33.Kf1 Qxf3 34.gxf3 Nd4 
35.Rxb7 Nxf3 0-1

[Event "2nd GMA World Cup prel  #3"]
[Site "Palma de Mallorca"]
[Date "1989.??.??"]
[Round "4"]
[White "Polugaevsky, Lev"]
[Black "Campora, Daniel Hugo"]
[Result "1/2-1/2"]
[WhiteElo "2595"]
[BlackElo "2495"]
[EventDate "1989.12.??"]
[PlyCount "47"]

1.c4 e5 2.g3 f5 3.Nc3 Nf6 4.Bg2 d6 5.e3 c6 6.Nge2 Na6 7.O-O Be7 8.b3 O-O 
9.Bb2 Qe8 10.d3 Qh5 11.Qd2 Nc7 12.f4 Be6 13.Nd1 exf4 14.Nxf4 Qh6 15.Nf2 
Rae8 16.Rae1 Bc8 17.Qa5 Na6 18.Qd2 Nc7 19.e4 Ne6 20.Bc1 Nxf4 21.Qxf4 Qxf4 
22.gxf4 fxe4 23.dxe4 Nh5 24.Nd3 1/2-1/2

[Event "2nd GMA World Cup prel  #3"]
[Site "Palma de Mallorca"]
[Date "1989.??.??"]
[Round "4"]
[White "Taimanov, Mark"]
[Black "Chandler, Murray Graham"]
[Result "0-1"]
[WhiteElo "2495"]
[BlackElo "2585"]
[EventDate "1989.12.??"]
[PlyCount "76"]

1.Nf3 c5 2.c4 Nc6 3.g3 g6 4.Bg2 Bg7 5.O-O e6 6.Nc3 Nge7 7.b3 O-O 8.Bb2 Rb8
9.Rb1 Nf5 10.a3 d5 11.cxd5 exd5 12.Na4 Bxb2 13.Rxb2 Qd6 14.Qc1 b6 15.d3 
Bb7 16.Qf4 Qxf4 17.gxf4 d4 18.b4 cxb4 19.axb4 Nce7 20.Ne5 Bxg2 21.Kxg2 
Rbc8 22.b5 f6 23.Nc4 Nd5 24.Kf3 Rce8 25.Rg1 Kg7 26.Ra2 g5 27.fxg5 fxg5 28.
Kg2 Nf4+ 29.Kh1 Kg6 30.e4 dxe3 31.fxe3 Nxe3 32.Rf2 Ng4 33.Rd2 h5 34.d4 Re2
35.Rf1 Rfe8 36.Nc3 Nf2+ 37.Kg1 N2h3+ 38.Kh1 Re1 0-1

[Event "2nd GMA World Cup prel  #3"]
[Site "Palma de Mallorca"]
[Date "1989.??.??"]
[Round "4"]
[White "Makarichev, Sergei"]
[Black "Malaniuk, Vladimir"]
[Result "1/2-1/2"]
[WhiteElo "2510"]
[BlackElo "2560"]
[EventDate "1989.12.??"]
[PlyCount "34"]

1.c4 f5 2.g3 Nf6 3.Bg2 g6 4.d3 d6 5.Nc3 Bg7 6.e4 c6 7.Nge2 O-O 8.O-O Na6 
9.h3 e5 10.Bg5 Qc7 11.Qd2 Be6 12.exf5 gxf5 13.Rae1 Rae8 14.b3 Nc5 15.b4 
Ncd7 16.Rc1 Bf7 17.Rfe1 Bg6 1/2-1/2

[Event "2nd GMA World Cup prel  #3"]
[Site "Palma de Mallorca"]
[Date "1989.??.??"]
[Round "4"]
[White "Chernin, Alexander"]
[Black "Cebalo, Miso"]
[Result "1/2-1/2"]
[WhiteElo "2580"]
[BlackElo "2485"]
[EventDate "1989.12.??"]
[PlyCount "91"]

1.d4 Nf6 2.c4 e6 3.Nc3 Bb4 4.Qc2 O-O 5.a3 Bxc3+ 6.Qxc3 b6 7.Bg5 Bb7 8.f3 
c5 9.dxc5 bxc5 10.e3 a5 11.Nh3 d6 12.Be2 Nbd7 13.O-O h6 14.Bh4 Ra6 15.b3 
Qa8 16.Rfd1 Rc8 17.Bg3 Ne8 18.Nf2 Rb6 19.Rd2 Ndf6 20.a4 d5 21.Nd3 Ba6 22.
Qxa5 Qc6 23.Rc1 Nd7 24.cxd5 exd5 25.Qc3 Qb7 26.Rb2 c4 27.bxc4 Rxc4 28.Rxb6
Qxb6 29.Qd2 Rxa4 30.Bf2 Qa5 31.Qd1 Ra2 32.Rc2 Rxc2 33.Qxc2 Qa1+ 34.Qc1 
Qxc1+ 35.Nxc1 Bxe2 36.Nxe2 Kf8 37.Be1 g6 38.Bb4+ Kg7 39.Bc3+ Nef6 40.Bb4 
h5 41.h4 Kh6 42.Nd4 Ne8 43.Be7 Kg7 44.Ne2 Nc7 45.Nf4 Nf8 46.Bxf8+ 1/2-1/2